LEADER 02581nam 2200529Ia 450 001 9910778008303321 005 20230721022350.0 010 $a1-60876-317-X 035 $a(CKB)1000000000787419 035 $a(EBL)3018476 035 $a(SSID)ssj0000112110 035 $a(PQKBManifestationID)11124930 035 $a(PQKBTitleCode)TC0000112110 035 $a(PQKBWorkID)10086453 035 $a(PQKB)11725449 035 $a(MiAaPQ)EBC3018476 035 $a(Au-PeEL)EBL3018476 035 $a(CaPaEBR)ebr10660337 035 $a(OCoLC)923658592 035 $a(EXLCZ)991000000000787419 100 $a20080620d2008 uy 0 101 0 $aeng 135 $aur|n|---||||| 181 $ctxt 182 $cc 183 $acr 200 00$aBiomarkers for early diagnosis of Alzheimer's disease$b[electronic resource] /$fDaniela Galimberti and Elio Scarpani, editors 210 $aNew York $cNova Biomedical Books$dc2008 215 $a1 online resource (317 p.) 300 $aDescription based upon print version of record. 311 $a1-60456-991-3 320 $aIncludes bibliographical references and index. 327 $aCognitive impairment / I. Guidi and D. Galimberti -- "Cogmarkers" for the diagnosis of dementia of the Alzheimer's type / A. Monti, B. Poletti, S. Zago -- The role of neuroimaging in the early diagnosis of Alzheimer's disease / V. Garibotto, D. Perani -- Cerebrospinal fluid biomarkers for Alzheimer's disease / E. Venturelli, C. Villa, E. Scarpini -- Alzheimer's disease biomarkers : from concept to clinical utility / H. Vanderstichele ... [et al.] -- The CSF analysis in dementia (video included) / A. Petzold -- Inflammation related factors : role in Alzheimer's disease and use as biomarkers / R. Veerhuis ... [et al.] -- The leukocyte expression of CD36 and other biomarkers : risk indicators of Alzheimer's disease / A.E. Rigamonti ... [et al.] -- The Role of oxidative Stress and vasoactive substances in the pathophysiology of Alzheimer's disease / G. Aliev ... [et al.] -- Role of apolipoprotein E in neurodegeneration / C. Lovati. 606 $aAlzheimer's disease$xDiagnosis 606 $aBiochemical markers 615 0$aAlzheimer's disease$xDiagnosis. 615 0$aBiochemical markers. 676 $a616.8/31075 701 $aGalimberti$b Daniela$01583884 701 $aScarpani$b Elio$01583885 801 0$bMiAaPQ 801 1$bMiAaPQ 801 2$bMiAaPQ 906 $aBOOK 912 $a9910778008303321 996 $aBiomarkers for early diagnosis of Alzheimer's disease$93867363 997 $aUNINA LEADER 02776nam 2200613 450 001 9910818989503321 005 20200520144314.0 010 $a1-283-20798-2 010 $a9786613207982 010 $a1-4411-9863-6 035 $a(CKB)2670000000106856 035 $a(EBL)742865 035 $a(OCoLC)745866169 035 $a(SSID)ssj0000524609 035 $a(PQKBManifestationID)12149173 035 $a(PQKBTitleCode)TC0000524609 035 $a(PQKBWorkID)10486759 035 $a(PQKB)11302156 035 $a(MiAaPQ)EBC742865 035 $a(Au-PeEL)EBL742865 035 $a(CaPaEBR)ebr10867529 035 $a(CaONFJC)MIL320798 035 $a(EXLCZ)992670000000106856 100 $a20140514h20102010 uy 0 101 0 $aeng 135 $aur|n|---||||| 181 $ctxt 182 $cc 183 $acr 200 10$aOpposition in discourse $ethe construction of oppositional meaning /$fLesley Jeffries 210 1$aLondon, England ;$aNew York, New York :$cContinuum International Publishing,$d2010. 210 4$dİ2010 215 $a1 online resource (158 p.) 225 1 $aAdvances in Stylistics 300 $aDescription based upon print version of record. 311 $a1-4411-0162-4 311 $a1-84706-512-0 320 $aIncludes bibliographical references and index. 327 $aContents; Acknowledgements; Chapter One: What are opposites?; Chapter Two: How opposites are constructed in texts and what they mean; Chapter Three: Literary effects of constructed opposition; Chapter Four: The role of opposition-construction in discourse meanings; Chapter Five: The significance of opposition in language and texts; Notes; Bibliography; Index 330 $aLesley Jeffries introduces a phenomenon which has not been given the attention it deserves - the contextual construction of oppositional meaning. These are opposites not recognisable as such out of context but that are clearly set up this way in the text concerned. The significance of oppositional meaning is well-known, and has been discussed by scholars for millennia, from Philosophy to Politics. But the main emphasis has always been on the conventional opposite: the opposite recognised by lexical semantics. Starting from socio-cultural viewpoints, moving to original research and then c 410 0$aAdvances in stylistics. 606 $aOpposition (Linguistics) 606 $aCritical discourse analysis 615 0$aOpposition (Linguistics) 615 0$aCritical discourse analysis. 676 $a401.41 700 $aJeffries$b Lesley$f1956-$0221127 801 0$bMiAaPQ 801 1$bMiAaPQ 801 2$bMiAaPQ 906 $aBOOK 912 $a9910818989503321 996 $aOpposition in discourse$94120880 997 $aUNINA